[Event "TUR-chT2"]
[Site "Konya"]
[Date "2015.07.26"]
[Round "2.8"]
[White "Kafes, Emine"]
[Black "Kilic, Gulseren"]
[Result "0-1"]
[WhiteElo "1552"]
[BlackElo "1477"]
[PlyCount "120"]
[EventDate "2015.07.25"]
[EventType "team-swiss"]
[EventRounds "9"]
[EventCountry "TUR"]
[SourceTitle "CBM 167 Extra"]
[Source "ChessBase"]
[SourceDate "2015.09.14"]
[SourceVersion "1"]
[SourceVersionDate "2015.09.14"]
[SourceQuality "1"]
[WhiteTeam "Hatay Samandag"]
[BlackTeam "Adana Dahi"]
[WhiteTeamCountry "TUR"]
[BlackTeamCountry "TUR"]

1. e4 c5 2. Nf3 d6 3. d4 cxd4 4. Nxd4 Nf6 5. Nc3 g6 6. Be3 Bg7 7. h3 0-0 8. Bd3 Nc6 9. 0-0 d5 10. exd5 Nxd5 11. Nxd5 Qxd5 12. Nxc6 Qxc6 13. Qc1 Re8 14. a4 a6 15. Re1 Be6 16. Bh6 Bd5 17. Bxg7 Kxg7 18. Qg5 h6 19. Qg4 Qf6 20. b3 Rad8 21. Rad1 Bc6 22. Re3 Rd4 23. Qe2 e6 24. Be4 Bxe4 25. Rxe4 Red8 26. Rdxd4 Rxd4 27. Kf1 Qd8 28. Ke1 Qa5+ 29. Kf1 Rd2 30. Qc4 Rd1+ 31. Ke2 Qd2+ 32. Kf3 g5 33. Re2 Qa5 34. Qe4 Rd5 35. Kg3 Qc7+ 36. f4 gxf4+ 37. Kf3 Qc3+ 38. Kf2 Qg3+ 39. Kf1 Rf5 40. Rf2 Rd5 41. Qxf4 Qxf4 42. Rxf4 Rc5 43. Rf2 f5 44. Ke1 Kf6 45. Kd1 e5 46. Rd2 Ke6 47. Rd8 Rd5+ 48. Rxd5 Kxd5 49. c3 e4 50. Kd2 f4 51. Ke2 h5 52. Kf2 h4 53. Ke2 Kc5 54. Kd2 b5 55. axb5 axb5 56. Ke2 Kd5 57. Kd2 Kc5 58. Ke2 b4 59. cxb4+ Kxb4 60. Kd2 Kxb3 0-1